=LDR 00000nam 2200000 4500 =001 INLIS000000000044988 =005 20240820014732 =035 ##$$a 0010-121400000000138 =008 240820################g##########0#ind## =020 ##$$a 978-602-256-014-2 =040 ##$$a NBPDMAT =082 ##$$a 540.76 =090 ##$$a 540.76 $b Don s =100 ##$$a Dono Santoso =245 1#$$a 1111 soal dan pembahasan kimia SMA / MA siap menghadapi UAS. Unas ANMPTN /$c Dono Santoso =260 ##$$a Jakarta :$b Prestasi Pustaka Publisher,$c 2013 =300 ##$$a vi, 441 hlm. : $b Ilus ; $c 22 x 15 Cm =650 #4$$a Kimia SMA-Ujian Soal dsb =084 ##$$a 540.76 DON s =250 ##$$a Cet. 1 =990 ##$$a 21418072 =990 ##$$a 21418073 =990 ##$$a 21418074 =990 ##$$a 21418075 =990 ##$$a 21418076 =990 ##$$a 2090101453/BPAP-NTB/2015 =990 ##$$a 0001/BPAP-NTB/2016 =990 ##$$a 0001/BPAP-NTB/2016 =990 ##$$a 00000109089 =990 ##$$a 21418072 =990 ##$$a 21418073 =990 ##$$a 21418074 =990 ##$$a 21418075 =990 ##$$a 21418076 =990 ##$$a 2090101453/BPAP-NTB/2015 =990 ##$$a 0001/BPAP-NTB/2016 =990 ##$$a 00000109088 =990 ##$$a 21418072 =990 ##$$a 21418073 =990 ##$$a 21418074 =990 ##$$a 21418075 =990 ##$$a 21418076 =990 ##$$a 2090101453/BPAP-NTB/2015 =990 ##$$a 00000109089 =990 ##$$a 00000104505015 =990 ##$$a 21418072 =990 ##$$a 21418073 =990 ##$$a 21418074 =990 ##$$a 21418075 =990 ##$$a 21418076 =990 ##$$a 00000109088 =990 ##$$a 00000109089 =990 ##$$a 21418076 =990 ##$$a 21418072 =990 ##$$a 21418073 =990 ##$$a 21418074 =990 ##$$a 21418075 =990 ##$$a 00000104505015 =990 ##$$a 00000109088 =990 ##$$a 00000109089 =990 ##$$a 21418075 =990 ##$$a 21418072 =990 ##$$a 21418073 =990 ##$$a 21418074 =990 ##$$a 21418076 =990 ##$$a 00000104505015 =990 ##$$a 00000109088 =990 ##$$a 00000109089 =990 ##$$a 21418074 =990 ##$$a 21418072 =990 ##$$a 21418073 =990 ##$$a 21418075 =990 ##$$a 21418076 =990 ##$$a 00000104505015 =990 ##$$a 00000109088 =990 ##$$a 00000109089 =990 ##$$a 21418073 =990 ##$$a 21418072 =990 ##$$a 21418074 =990 ##$$a 21418075 =990 ##$$a 21418076 =990 ##$$a 00000104505015 =990 ##$$a 00000109088 =990 ##$$a 00000109089 =990 ##$$a 21418072 =990 ##$$a 21418073 =990 ##$$a 21418074 =990 ##$$a 21418075 =990 ##$$a 21418076 =990 ##$$a 00000104505015 =990 ##$$a 00000109088 =990 ##$$a 00000109089